| 000 | 00672cab a2200229 4500 | ||
|---|---|---|---|
| 001 | ABS41032 | ||
| 008 | 090401t1989 xxu||||| |||| 00| 0 eng d | ||
| 035 | _a(Sirsi) u27688 | ||
| 041 | _aeng | ||
| 100 | _aAustin, J. | ||
| 245 | _aUnitisation | ||
| 260 | _c1989 | ||
| 350 | _a0 | ||
| 490 |
_aReal Estate Journal _vFebruary-March 1989, 21-23(3) |
||
| 520 | _aExplains the concept of unitisation and its impact on the Australia n property market . Illustrates with an example of a Sydney office complex. | ||
| 650 | _aINVESTMENT | ||
| 650 | _aPINCS | ||
| 650 | _aSINGLE PROPERTY VEHICLE ASSOCIATION | ||
| 690 | _aOVERSEAS | ||
| 942 | _n0 | ||
| 948 | _c04/03/1997 | ||
| 999 |
_c18647 _d18647 |
||